Gray.

Bibliographic Details
Main Author: Gosse, Edmund, 1849-1928
Format: Book
Language:English
Published: New York : Harper, 1901.
Series:English men of letters (New York, N.Y.)
Subjects:

MARC

Tag First Indicator Second Indicator Subfields
LEADER 00000cam a2200000 4500
001 in00000026404
005 20151007061248.0
008 750903s1901 nyu 00000beng d
010 |a  04017158  
035 |a (OCoLC)01595372 
035 |9 AAD1600AM 
040 |a DLC  |c FBA  |d TXA  |d UtOrBLW 
049 |a TXAM  |c [159464] 
050 0 0 |a PR3503  |b .G6 
082 0 |a 928.2 
090 |a PR3503  |b .G6 1901 
092 |a 821  |b G782Yg, 1901 
100 1 |a Gosse, Edmund,  |d 1849-1928. 
245 1 0 |a Gray. 
264 1 |a New York :  |b Harper,  |c 1901. 
300 |a x, 223 pages ;  |c 18 cm. 
336 |a text  |b txt  |2 rdacontent 
337 |a unmediated  |b n  |2 rdamedia 
338 |a volume  |b nc  |2 rdacarrier 
490 1 |a English men of letters 
600 1 0 |a Gray, Thomas,  |d 1716-1771. 
830 0 |a English men of letters (New York, N.Y.) 
999 |a MARS 
999 f f |s 641b3f11-4def-381b-b16d-5de4b46f184a  |i 22e8d7ac-cffb-3efe-93e0-8cde8fd383d3  |t 0 
952 f f |p ric  |a Texas A&M University  |b Rellis Campus  |c Joint Library Facility  |d Remote Storage  |t 0  |e PR3503 .G6 1901  |h Library of Congress classification  |i unmediated -- volume  |m A14801280236 
998 f f |a PR3503 .G6 1901  |t 0  |l Remote Storage